00813 2200313 4500001002100000005001500021035002000036007000300056008004100059020002200100082001100122084001700133100001800150245011800168250001000286260003200296300002300328650001800351700001900369700001800388700001200406700001500418990001100433990001100444990001100455990001100466990001100477990001100488INLIS00000000000215820180801091748 a0010-0818000004ta180801 g 0 ind  a978-602-1695-12-8 a808.83 a808.83 ZID s0 aZIDAN, George1 aSang Penakluk Andalusia /cGeorge Zidan, penerjemah, Masturi Irham, Nurhadi; penyunting, Melvy Yendra, Artawijaya acet.1 aJakarta :bSalsabila,c2014 a462 hlm. ;c21 cm. aFIKSI SEJARAH0 aMASTURI, Irham0 aMELVY, Yendra0 aNURHADI0 aARTAWIJAYA a16535a a16535b a16535b a16535a a16535a a16535b